King Lear

Đã lưu trong:
Chi tiết về thư mục
Tác giả chính: Shakespeare, William
Định dạng: Sách
Ngôn ngữ:Undetermined
Được phát hành: New York, Estados Unidos Clark & Maynard Publishers 1882
Những chủ đề:
Các nhãn: Thêm thẻ
Không có thẻ, Là người đầu tiên thẻ bản ghi này!

MARC

LEADER 00000nam a2200000Ia 4500
008 170316s9999 xx 000 0 und d
040 |a cru BVZT 
090 |a 820 S-5k 
100 |a Shakespeare, William 
245 |a King Lear 
260 |a New York, Estados Unidos 
260 |b Clark & Maynard Publishers 
260 |c 1882 
300 |a 191 páginas 
650 |a LITERATURA INGLESA 
999 |c 7136  |d 7136 
942 |c 15 D  |h 820 S-5k  |2 z